[Event "San Sebastian op 40th"]
[Site "San Sebastian"]
[Date "2017.04.12"]
[Round "6"]
[White "Cinza Lopez, Javier"]
[Black "Guijarro Galan, Jose Luis"]
[Result "0-1"]
[WhiteElo "2011"]
[BlackElo "2218"]
[PlyCount "152"]
[EventDate "2017.04.08"]
[EventType "swiss"]
[EventRounds "9"]
[EventCountry "ESP"]
[SourceTitle "CBM 177 Extra"]
[Source "ChessBase"]
[SourceDate "2017.04.27"]
[SourceVersion "1"]
[SourceVersionDate "2017.04.27"]
[SourceQuality "1"]

1. g3 f5 2. Bg2 Nf6 3. c4 c6 4. Nc3 d5 5. d4 e6 6. Nf3 Bd6 7. 0-0 0-0 8. c5 Bc7 9. b4 b6 10. b5 Ne4 11. Qc2 Bd7 12. Ba3 Re8 13. bxc6 Nxc6 14. Nb5 bxc5 15. Nxc7 Qxc7 16. Bxc5 Nxd4 17. Nxd4 Qxc5 18. Qd3 Rec8 19. Rfc1 Qxc1+ 20. Rxc1 Rxc1+ 21. Bf1 Rb8 22. Nb3 Nc5 23. Nxc5 Rxc5 24. Qa3 Rc7 25. Qd6 Rbb7 26. e3 Kf7 27. Kg2 Rc6 28. Qa3 Rc2 29. Qa6 Rbb2 30. Qxa7 Rxf2+ 31. Kg1 Ke7 32. a4 Rfc2 33. Qd4 Rb1 34. Qxg7+ Kd6 35. Qf8+ Kc7 36. a5 Bb5 37. Qe7+ Kb8 38. Qd8+ Rc8 39. Qb6+ Ka8 40. a6 Bd3 41. Qxe6 Rxf1+ 42. Kg2 Rc2+ 43. Kh3 Be4 44. Kh4 Rfc1 45. h3 Rc6 46. Qg8+ Rc8 47. Qg7 R1c7 48. Qd4 Rc6 49. Qg7 Rxa6 50. Qd7 Rac6 51. Kg5 R8c7 52. Qe8+ Kb7 53. Kf4 Rg7 54. Qf8 Rd7 55. Qb4+ Kc8 56. Qa5 Rb7 57. Qa8+ Kc7 58. Qe8 Kb6 59. Qf8 Kb5 60. Qe8 Kc5 61. Qf8+ Kc4 62. Qa3 Rb4 63. h4 Kb5 64. Ke5 Rc5 65. Kf6 d4 66. exd4 Rxd4 67. Qb2+ Rb4 68. Qe2+ Kc6 69. Qa6+ Rb6 70. Qa3 f4 71. gxf4 Kb7+ 72. Ke7 Rc7+ 73. Kd8 Bc6 74. Qd6 Rd7+ 75. Qxd7+ Bxd7 76. Kxd7 Rf6 0-1

[Event "San Sebastian op 40th"]
[Site "San Sebastian"]
[Date "2017.04.08"]
[Round "1"]
[White "Guijarro Galan, Jose Luis"]
[Black "San Jose Madinabeitia, Iban"]
[Result "1-0"]
[WhiteElo "2218"]
[BlackElo "1696"]
[PlyCount "91"]
[EventDate "2017.04.08"]
[EventType "swiss"]
[EventRounds "9"]
[EventCountry "ESP"]
[SourceTitle "CBM 177 Extra"]
[Source "ChessBase"]
[SourceDate "2017.04.27"]
[SourceVersion "1"]
[SourceVersionDate "2017.04.27"]
[SourceQuality "1"]

1. e4 c6 2. d4 d5 3. e5 Bf5 4. Nf3 h6 5. Be2 e6 6. 0-0 Nd7 7. Be3 Bb4 8. a3 Ba5 9. b4 Bb6 10. c4 Ne7 11. c5 Bc7 12. Nc3 0-0 13. Nh4 Bh7 14. f4 Nf5 15. Nxf5 Bxf5 16. g4 Be4 17. Nxe4 dxe4 18. Qc2 f5 19. Qc4 Qe7 20. gxf5 Rxf5 21. Bg4 g6 22. Bxf5 gxf5 23. Kh1 Kh7 24. Rg1 Nf8 25. Rg3 Ng6 26. Rag1 Rg8 27. b5 Bd8 28. Qa4 cxb5 29. Qxb5 a6 30. Qe2 Qh4 31. Qg2 Qh5 32. Qa2 Bh4 33. R3g2 Qf3 34. Qe2 Ne7 35. Qxf3 exf3 36. Rxg8 Nxg8 37. Rb1 Ne7 38. Rxb7 Kg6 39. Bf2 Bxf2 40. Rxe7 Bxd4 41. Rxe6+ Kh5 42. c6 Bb6 43. Re7 Kg4 44. c7 Bxc7 45. Rxc7 Kh3 46. Kg1 1-0

[Event "San Sebastian Primavera de Gros op 11th"]
[Site "San Sebastian"]
[Date "2015.06.13"]
[Round "8"]
[White "Sanchez Ruesga, Hector"]
[Black "Guijarro Galan, Jose Luis"]
[Result "1/2-1/2"]
[WhiteElo "2099"]
[BlackElo "2199"]
[PlyCount "66"]
[EventDate "2015.04.25"]
[EventType "swiss"]
[EventRounds "8"]
[EventCountry "ESP"]
[SourceTitle "EXT 2019"]
[Source "ChessBase"]
[SourceDate "2018.10.10"]
[SourceVersion "1"]
[SourceVersionDate "2018.10.10"]
[SourceQuality "1"]

1. d4 d5 2. c4 e5 3. dxe5 d4 4. a3 Nc6 5. e3 a5 6. exd4 Qxd4 7. Qxd4 Nxd4 8. Ra2 Bf5 9. Nd2 0-0-0 10. Ngf3 Nc2+ 11. Kd1 Nd4 12. Nxd4 Rxd4 13. Ke1 Ne7 14. Be2 Nc6 15. Nf3 Rd8 16. Be3 h6 17. Ra1 g5 18. Rd1 Bg7 19. Nd4 Nxd4 20. Bxd4 Rhe8 21. Bc3 Rxd1+ 22. Kxd1 Bxe5 23. Bxe5 Rxe5 24. Kd2 c5 25. Rc1 Be4 26. g3 Bc6 27. Bd3 Kc7 28. Re1 Rxe1 29. Kxe1 Bf3 30. Kd2 Kd6 31. Ke3 Bh5 32. Be4 b6 33. f3 f6 1/2-1/2

[Event "San Sebastian Primavera de Gros op 11th"]
[Site "San Sebastian"]
[Date "2015.06.06"]
[Round "7"]
[White "Guijarro Galan, Jose Luis"]
[Black "Esnaola Gaston, Fernando"]
[Result "1-0"]
[WhiteElo "2199"]
[BlackElo "1912"]
[PlyCount "55"]
[EventDate "2015.04.25"]
[EventType "swiss"]
[EventRounds "8"]
[EventCountry "ESP"]
[SourceTitle "EXT 2019"]
[Source "ChessBase"]
[SourceDate "2018.10.10"]
[SourceVersion "1"]
[SourceVersionDate "2018.10.10"]
[SourceQuality "1"]

1. e4 c5 2. Nf3 d6 3. d4 cxd4 4. Nxd4 Nf6 5. Nc3 a6 6. Bc4 e6 7. 0-0 b5 8. Bb3 Be7 9. a3 0-0 10. Be3 Bb7 11. f3 Nc6 12. Qe1 Qc7 13. Qg3 Nxd4 14. Bxd4 Rfd8 15. Kh1 e5 16. Be3 d5 17. Bh6 g6 18. Bg5 d4 19. Bxf6 Bxf6 20. Ne2 d3 21. cxd3 Rxd3 22. Nc3 Be7 23. Rac1 Rc8 24. h4 Bxa3 25. h5 Kg7 26. Nd5 Qd6 27. h6+ Kxh6 28. Qh3+ 1-0

[Event "San Sebastian Primavera de Gros op 11th"]
[Site "San Sebastian"]
[Date "2015.05.30"]
[Round "6"]
[White "Guijarro Galan, Jose Luis"]
[Black "Sanchez Ruesga, Carlos"]
[Result "1-0"]
[WhiteElo "2199"]
[BlackElo "1902"]
[PlyCount "85"]
[EventDate "2015.04.25"]
[EventType "swiss"]
[EventRounds "8"]
[EventCountry "ESP"]
[SourceTitle "EXT 2019"]
[Source "ChessBase"]
[SourceDate "2018.10.10"]
[SourceVersion "1"]
[SourceVersionDate "2018.10.10"]
[SourceQuality "1"]

1. e4 c5 2. Ne2 d6 3. d4 cxd4 4. Nxd4 Nf6 5. Nc3 e5 6. Bb5+ Bd7 7. Bxd7+ Nbxd7 8. Nf5 Nc5 9. Bg5 g6 10. Nd5 Ncxe4 11. Nxf6+ Nxf6 12. Bxf6 Qxf6 13. Ne3 Qe6 14. Nd5 Rc8 15. 0-0 Bg7 16. Qd3 0-0 17. Rad1 Rfd8 18. c3 f5 19. f3 Kh8 20. Rfe1 Qd7 21. Re2 Qf7 22. Qe3 b6 23. Red2 Bf8 24. a4 Qd7 25. b3 Qc6 26. Qe2 Rd7 27. c4 Rdd8 28. Kh1 Rb8 29. Qf2 Qd7 30. Qe3 Qc6 31. Nb4 Qb7 32. Nd5 Qc6 33. Qg5 Qd7 34. Rd3 Qe6 35. f4 e4 36. Rh3 Rd7 37. Nf6 Rf7 38. Qxg6 Qxf6 39. Rxh7+ Rxh7 40. Qxf6+ Bg7 41. Qxf5 Re8 42. Re1 e3 43. Rxe3 1-0

[Event "San Sebastian Primavera de Gros op 11th"]
[Site "San Sebastian"]
[Date "2015.05.23"]
[Round "5"]
[White "Tholey, Jean Paul"]
[Black "Guijarro Galan, Jose Luis"]
[Result "0-1"]
[WhiteElo "1851"]
[BlackElo "2199"]
[PlyCount "90"]
[EventDate "2015.04.25"]
[EventType "swiss"]
[EventRounds "8"]
[EventCountry "ESP"]
[SourceTitle "EXT 2019"]
[Source "ChessBase"]
[SourceDate "2018.10.10"]
[SourceVersion "1"]
[SourceVersionDate "2018.10.10"]
[SourceQuality "1"]

1. d4 e6 2. Nf3 d5 3. c4 c6 4. cxd5 exd5 5. Nc3 Nf6 6. Bg5 Be7 7. e3 Bf5 8. Bd3 Ne4 9. Bxe7 Qxe7 10. Qc2 Nd7 11. Rc1 0-0 12. 0-0 Kh8 13. Ne2 Rae8 14. Ng3 Bg6 15. Rfe1 h5 16. Nf1 h4 17. h3 Bf5 18. N3h2 g6 19. f3 Nd6 20. Bxf5 gxf5 21. Qf2 Rg8 22. Nd2 Rg6 23. Re2 Reg8 24. Qe1 Qg5 25. f4 Qh5 26. Nhf3 Rg3 27. Kh2 Nf6 28. Nf1 Nde4 29. Nxg3 hxg3+ 30. Kg1 Ng4 31. Qb4 Ngf2 32. Qe7 Nxh3+ 33. Kf1 Nhf2 34. Qh4 Qxh4 35. Nxh4 Kg7 36. Nxf5+ Kf6 37. Nh4 Rh8 38. Nf3 Ng4 39. Ng1 Rh1 40. Ree1 Kf5 41. Ke2 Rh2 42. Kf1 Nd2+ 43. Ke2 Rxg2+ 44. Kd3 Nf2+ 45. Kxd2 Ne4+ 0-1

[Event "San Sebastian Primavera de Gros op 11th"]
[Site "San Sebastian"]
[Date "2015.05.16"]
[Round "4"]
[White "Guijarro Galan, Jose Luis"]
[Black "Cantabrana Garona, Alejandro"]
[Result "1-0"]
[WhiteElo "2199"]
[BlackElo "1773"]
[PlyCount "64"]
[EventDate "2015.04.25"]
[EventType "swiss"]
[EventRounds "8"]
[EventCountry "ESP"]
[SourceTitle "EXT 2019"]
[Source "ChessBase"]
[SourceDate "2018.10.10"]
[SourceVersion "1"]
[SourceVersionDate "2018.10.10"]
[SourceQuality "1"]

1. e4 g6 2. d4 Bg7 3. Nc3 d6 4. f4 a6 5. a4 b6 6. Nf3 e6 7. Bd3 Ne7 8. Be3 0-0 9. 0-0 f5 10. e5 d5 11. Ne2 h6 12. Kh1 Nd7 13. Rg1 Kh8 14. g4 Rg8 15. Nh4 Nf8 16. Qf1 Nc6 17. Qh3 Qe8 18. c3 Ne7 19. Rg2 Bd7 20. b3 b5 21. Bc1 bxa4 22. bxa4 Qf7 23. Ba3 fxg4 24. Rxg4 Nf5 25. Rag1 Be8 26. Bxf8 Bxf8 27. Nxg6+ Rxg6 28. Rxg6 Qxg6 29. Rxg6 Bxg6 30. Ng3 Nxg3+ 31. Qxg3 Bxd3 32. Qxd3 Kg8 1-0

[Event "San Sebastian Gros op 24th"]
[Site "San Sebastian"]
[Date "2014.09.24"]
[Round "5"]
[White "Berdote Alonso, Carlos"]
[Black "Guijarro Galan, Jose Luis"]
[Result "0-1"]
[WhiteElo "1821"]
[BlackElo "2189"]
[PlyCount "82"]
[EventDate "2014.09.21"]
[EventType "swiss"]
[EventRounds "9"]
[EventCountry "ESP"]
[SourceTitle "EXT 2015"]
[Source "ChessBase"]
[SourceDate "2014.11.20"]
[SourceVersion "1"]
[SourceVersionDate "2014.11.20"]
[SourceQuality "1"]

1. e4 c5 2. Nf3 a6 3. Nc3 e6 4. Be2 d5 5. exd5 exd5 6. d4 c4 7. 0-0 Nf6 8. b3 Bb4 9. Nb1 b5 10. Bg5 Be7 11. a4 Bb7 12. axb5 axb5 13. Rxa8 Bxa8 14. Nc3 b4 15. Na4 c3 16. Bxf6 Bxf6 17. Bb5+ Kf8 18. Re1 Bc6 19. Qe2 g6 20. Ne5 Qd6 21. f4 Kg7 22. Nc5 Re8 23. Qd3 Bxb5 24. Qxb5 Nc6 25. Ncd3 Re6 26. Nxc6 Qxc6 27. Qxc6 Rxc6 28. Nxb4 Bxd4+ 29. Kf1 Rf6 30. Nxd5 Rf5 31. Nc7 Rxf4+ 32. Ke2 Rf2+ 33. Kd3 Rd2+ 34. Kc4 Bf2 35. Rc1 Be3 36. Re1 Bf4 37. Nd5 Bxh2 38. Rc1 Rxg2 39. Kxc3 h5 40. Kb4 Bd6+ 41. Kb5 Ba3 0-1

[Event "San Sebastian Gros op 24th"]
[Site "San Sebastian"]
[Date "2014.09.21"]
[Round "1"]
[White "Veras Sanz, Jose Antonio"]
[Black "Guijarro Galan, Jose Luis"]
[Result "0-1"]
[WhiteElo "1667"]
[BlackElo "2189"]
[PlyCount "80"]
[EventDate "2014.09.21"]
[EventType "swiss"]
[EventRounds "9"]
[EventCountry "ESP"]
[SourceTitle "EXT 2015"]
[Source "ChessBase"]
[SourceDate "2014.11.20"]
[SourceVersion "1"]
[SourceVersionDate "2014.11.20"]
[SourceQuality "1"]

1. e4 c5 2. Nc3 e6 3. g3 d5 4. exd5 exd5 5. Bg2 Nf6 6. f4 Nc6 7. d3 Bg4 8. Nf3 Qe7+ 9. Qe2 Bxf3 10. Qxe7+ Bxe7 11. Bxf3 Nd4 12. Bd1 0-0-0 13. 0-0 h5 14. Ne2 Nf5 15. h3 d4 16. Rf3 Nd5 17. c4 Nde3 18. Bxe3 Nxe3 19. f5 Bd6 20. Nf4 Bxf4 21. Rxf4 Rde8 22. Ba4 Re5 23. Re1 Kc7 24. Kf2 Kd6 25. Kf3 a6 26. b4 Nxc4 27. bxc5+ Kxc5 28. Rxe5+ Nxe5+ 29. Ke2 b5 30. Bb3 f6 31. Kd2 h4 32. g4 a5 33. Be6 a4 34. Rf1 Rb8 35. Rc1+ Kd6 36. Ke2 g5 37. Rc8 Rxc8 38. Bxc8 Kc5 39. Be6 Kb4 40. Bd5 Kc3 0-1

[Event "Donostia Spring op 09th"]
[Site "Donostia"]
[Date "2013.05.18"]
[Round "6"]
[White "Guijarro Galan, Jose Luis"]
[Black "Cejudo Urdampilleta, Jose Manuel"]
[Result "1-0"]
[WhiteElo "2154"]
[BlackElo "1744"]
[PlyCount "87"]
[EventDate "2013.04.19"]
[EventType "swiss"]
[EventRounds "8"]
[EventCountry "ESP"]
[SourceTitle "EXT 2024"]
[Source "ChessBase"]
[SourceDate "2023.10.10"]
[SourceVersion "1"]
[SourceVersionDate "2023.10.10"]
[SourceQuality "1"]

1. e4 e6 2. d4 d5 3. e5 c5 4. c3 Nc6 5. Nf3 Qb6 6. a3 c4 7. Nbd2 Na5 8. Rb1 Bd7 9. Be2 f6 10. 0-0 Be7 11. Re1 Nh6 12. exf6 Bxf6 13. Ne5 Bxe5 14. dxe5 Nf5 15. Bh5+ g6 16. Bg4 0-0-0 17. Nf3 Nb3 18. Bg5 Rdf8 19. Bf6 Rhg8 20. Nd2 Nc5 21. b3 cxb3 22. Nxb3 Ba4 23. Bxf5 gxf5 24. Nxc5 Bxd1 25. Rxb6 axb6 26. Nxe6 Ba4 27. Nxf8 Rxf8 28. f4 Bd7 29. Kf2 Be6 30. Re3 Kd7 31. Rh3 Rf7 32. Rh6 d4 33. cxd4 b5 34. h3 Kc6 35. Bd8 Kd5 36. Bb6 Re7 37. Kf3 Kc4 38. g4 Bd5+ 39. Kg3 Be4 40. Bc5 Rg7 41. e6 fxg4 42. hxg4 Bf5 43. g5 Bg6 44. Kg4 1-0

[Event "Donostia Spring op 09th"]
[Site "Donostia"]
[Date "2013.05.11"]
[Round "5"]
[White "Guijarro Galan, Jose Luis"]
[Black "Ros Eskisabel, Jose Ramon"]
[Result "1-0"]
[WhiteElo "2154"]
[BlackElo "2121"]
[PlyCount "65"]
[EventDate "2013.04.19"]
[EventType "swiss"]
[EventRounds "8"]
[EventCountry "ESP"]
[SourceTitle "EXT 2024"]
[Source "ChessBase"]
[SourceDate "2023.10.10"]
[SourceVersion "1"]
[SourceVersionDate "2023.10.10"]
[SourceQuality "1"]

1. e4 Nf6 2. d3 e5 3. Nf3 Nc6 4. Nc3 d5 5. Bg5 d4 6. Nb1 Be7 7. Nbd2 0-0 8. Be2 Be6 9. Nf1 a5 10. Ng3 Ne8 11. Bd2 Nd6 12. 0-0 a4 13. c3 a3 14. Qc1 axb2 15. Qxb2 dxc3 16. Bxc3 f6 17. d4 exd4 18. Nxd4 Nxd4 19. Bxd4 Qd7 20. Rfd1 Ra4 21. e5 fxe5 22. Bxe5 Bf6 23. Bxf6 Rxf6 24. Bf3 Qc8 25. Bd5 Ra5 26. Bxe6+ Rxe6 27. Rac1 Rae5 28. h3 Kh8 29. Rxd6 Re1+ 30. Kh2 Rxc1 31. Rxe6 Qxe6 32. Qxc1 c6 33. Qf4 1-0

[Event "San Sebastian op 36th"]
[Site "San Sebastian"]
[Date "2013.03.30"]
[Round "9"]
[White "Galarraga Lasa, Jon Gurutz"]
[Black "Guijarro Galan, Jose Luis"]
[Result "0-1"]
[WhiteElo "1904"]
[BlackElo "2154"]
[PlyCount "96"]
[EventDate "2013.03.23"]
[EventType "swiss"]
[EventRounds "9"]
[EventCountry "ESP"]
[SourceTitle "CBM 153 Extra"]
[Source "ChessBase"]
[SourceDate "2013.04.22"]
[SourceVersion "1"]
[SourceVersionDate "2013.04.22"]
[SourceQuality "1"]

1. d4 d5 2. c4 e6 3. Nc3 c6 4. cxd5 exd5 5. Nf3 Nf6 6. Bg5 Be7 7. e3 0-0 8. Bd3 Bg4 9. h3 Bh5 10. Qb3 Qb6 11. Qc2 Bg6 12. Ne5 Re8 13. 0-0 Nbd7 14. Bxg6 hxg6 15. f4 Rad8 16. Rf3 Nh7 17. Bxe7 Rxe7 18. g4 g5 19. Raf1 gxf4 20. Nxd7 Rdxd7 21. Na4 Qc7 22. Nc5 Ng5 23. Nxd7 Nxf3+ 24. Rxf3 Qxd7 25. exf4 Re4 26. Qc3 Qe7 27. g5 Re1+ 28. Kg2 Qe2+ 29. Rf2 Qe4+ 30. Rf3 Rd1 31. Kf2 Qxd4+ 32. Ke2 Qxc3 33. Rxc3 Rh1 34. Rb3 Rh2+ 35. Kf1 b6 36. Kg1 Rc2 37. f5 Kf8 38. a4 Rc4 39. a5 b5 40. Kg2 a6 41. Kg3 c5 42. Re3 Rc2 43. Re5 d4 44. Rd5 Ke7 45. b4 cxb4 46. Rxd4 b3 47. Rb4 b2 48. h4 Kd6 0-1

[Event "Donostia Gipuzkoa-ch"]
[Site "San Sebastian"]
[Date "2012.11.17"]
[Round "5"]
[White "Guijarro Galan, Jose Luis"]
[Black "Argandona Riveiro, Inigo"]
[Result "0-1"]
[WhiteElo "2121"]
[BlackElo "2402"]
[PlyCount "52"]
[EventDate "2012.10.20"]
[EventType "swiss"]
[EventRounds "7"]
[EventCountry "ESP"]
[SourceTitle "EXT 2014"]
[Source "ChessBase"]
[SourceDate "2013.11.20"]
[SourceVersion "1"]
[SourceVersionDate "2013.11.20"]
[SourceQuality "1"]

1. e4 e5 2. Nf3 d6 3. d4 exd4 4. Nxd4 Nf6 5. Nc3 Be7 6. Be2 0-0 7. Be3 Re8 8. f4 Bf8 9. Qd2 Nxe4 10. Nxe4 Rxe4 11. Bf3 Re8 12. 0-0-0 Nd7 13. g4 Nb6 14. Bf2 d5 15. Nb3 c6 16. Rhe1 Rxe1 17. Rxe1 Nc4 18. Qe2 Qf6 19. Bd4 Qxf4+ 20. Kb1 Bd7 21. Qg2 a5 22. Bc3 a4 23. Nd2 Ne3 24. Qe2 Re8 25. Qd3 Nxg4 26. Rg1 Bc5 0-1

[Event "San Sebastian Primavera de Gros op 8th"]
[Site "San Sebastian"]
[Date "2012.05.12"]
[Round "4"]
[White "Guijarro Galan, Jose Luis"]
[Black "Santos Zunzunegi, Iban"]
[Result "1-0"]
[WhiteElo "2142"]
[BlackElo "1937"]
[PlyCount "25"]
[EventDate "2012.04.21"]
[EventType "swiss"]
[EventRounds "7"]
[EventCountry "ESP"]
[SourceTitle "EXT 2014"]
[Source "ChessBase"]
[SourceDate "2013.11.20"]
[SourceVersion "1"]
[SourceVersionDate "2013.11.20"]
[SourceQuality "1"]

1. e4 c5 2. Nf3 Nc6 3. Bb5 Nd4 4. Bc4 e6 5. c3 d5 6. cxd4 dxc4 7. Qa4+ Qd7 8. Qxc4 b5 9. Qc3 Bb7 10. d3 b4 11. Qc4 a5 12. Ne5 Qxd4 13. Qb5+ 1-0

[Event "San Sebastian Primavera de Gros op 8th"]
[Site "San Sebastian"]
[Date "2012.04.21"]
[Round "1"]
[White "Guijarro Galan, Jose Luis"]
[Black "Garrido Dominguez, Jose Antonio"]
[Result "1-0"]
[WhiteElo "2142"]
[BlackElo "1662"]
[PlyCount "57"]
[EventDate "2012.04.21"]
[EventType "swiss"]
[EventRounds "7"]
[EventCountry "ESP"]
[SourceTitle "EXT 2014"]
[Source "ChessBase"]
[SourceDate "2013.11.20"]
[SourceVersion "1"]
[SourceVersionDate "2013.11.20"]
[SourceQuality "1"]

1. e4 c5 2. Nf3 g6 3. c3 Bg7 4. d4 cxd4 5. cxd4 Qb6 6. Nc3 e6 7. e5 Ne7 8. Bd3 0-0 9. 0-0 Nbc6 10. Be3 Qxb2 11. Bd2 Qb6 12. Rb1 Qc7 13. Nb5 Qd8 14. Nd6 Nd5 15. Be4 Nce7 16. h3 b6 17. Nh2 Ba6 18. Re1 Nc6 19. Ng4 Nxd4 20. Nh6+ Bxh6 21. Bxh6 Nf5 22. Bxf5 Nc3 23. Qf3 Nxb1 24. Bxb1 Qe7 25. Ne4 Rfc8 26. Qf4 Bb7 27. Nf6+ Kh8 28. Qh4 a5 29. Bg7+ 1-0

[Event "Gipuzkoa-ch"]
[Site "San Sebastian"]
[Date "2011.12.03"]
[Round "7"]
[White "Guijarro Galan, Jose Luis"]
[Black "Alvarado Fernandez, Mikel"]
[Result "1-0"]
[WhiteElo "2177"]
[BlackElo "2003"]
[PlyCount "75"]
[EventDate "2011.10.08"]
[EventType "swiss"]
[EventRounds "7"]
[EventCountry "ESP"]
[SourceTitle "EXT 2024"]
[Source "ChessBase"]
[SourceDate "2023.10.10"]
[SourceVersion "1"]
[SourceVersionDate "2023.10.10"]
[SourceQuality "1"]

1. e4 d5 2. exd5 Qxd5 3. Nc3 Qd6 4. g3 Nf6 5. Bg2 c6 6. d4 Bf5 7. Nf3 Nd5 8. 0-0 Nxc3 9. bxc3 e6 10. Rb1 Qc7 11. Bf4 Qc8 12. Ne5 Be7 13. h4 h5 14. Re1 Nd7 15. Nc4 Bg4 16. Qd2 0-0 17. Na5 Nb6 18. Be4 Bf6 19. Bg5 Bxg5 20. Qxg5 Qc7 21. c4 Rab8 22. Qf4 Qxf4 23. gxf4 Rfd8 24. c3 Kf8 25. c5 Na4 26. Re3 Bf5 27. Bxf5 exf5 28. Rb4 Nxc5 29. dxc5 b6 30. Nxc6 Rd1+ 31. Kg2 Rc8 32. cxb6 axb6 33. Rxb6 Rd6 34. Ne7 Rxb6 35. Nxc8 Rc6 36. Ne7 Ra6 37. Nxf5 Rxa2 38. Nd6 1-0

[Event "Gipuzkoa-ch"]
[Site "San Sebastian"]
[Date "2011.11.12"]
[Round "6"]
[White "Ruiz Martinez, Isidro"]
[Black "Guijarro Galan, Jose Luis"]
[Result "1/2-1/2"]
[WhiteElo "2014"]
[BlackElo "2177"]
[PlyCount "108"]
[EventDate "2011.10.08"]
[EventType "swiss"]
[EventRounds "7"]
[EventCountry "ESP"]
[SourceTitle "EXT 2024"]
[Source "ChessBase"]
[SourceDate "2023.10.10"]
[SourceVersion "1"]
[SourceVersionDate "2023.10.10"]
[SourceQuality "1"]

1. e4 c5 2. Nf3 e6 3. d4 cxd4 4. Nxd4 a6 5. Nc3 Nc6 6. Be3 Qc7 7. Be2 Nf6 8. 0-0 Bb4 9. Na4 0-0 10. a3 Bd6 11. Nxc6 bxc6 12. f4 Nxe4 13. Bb6 Qb8 14. Qd4 f5 15. Bd3 Bxf4 16. Bxe4 Bxh2+ 17. Kh1 Be5 18. Qe3 fxe4 19. Rxf8+ Kxf8 20. Rf1+ Kg8 21. Qg5 Bb7 22. Nc5 h6 23. Qh5 Bxb2 24. Qf7+ Kh8 25. Qxd7 Qe8 26. Qxe8+ Rxe8 27. Nxb7 Bxa3 28. Na5 Bd6 29. Nc4 Bg3 30. Ra1 Rf8 31. Kg1 Rf4 32. Be3 Rf5 33. Rxa6 Rb5 34. Kf1 Rb1+ 35. Ke2 Rh1 36. Bf2 Bf4 37. Rxc6 Rh2 38. Ne3 Bxe3 39. Kxe3 Rxg2 40. Rxe6 h5 41. c4 Kg8 42. c5 Kf7 43. Rxe4 Rg6 44. Kd4 Rg2 45. Be1 Rc2 46. Kd5 g5 47. Kd6 h4 48. c6 h3 49. Bg3 h2 50. Re1 Rd2+ 51. Kc5 Rg2 52. Bxh2 Rxh2 53. c7 Rc2+ 54. Kb6 Kf6 1/2-1/2

[Event "San Sebastian Gros op 21st"]
[Site "San Sebastian"]
[Date "2011.09.14"]
[Round "6"]
[White "Iglesias Gonzalez, Veronica"]
[Black "Guijarro Galan, Jose Luis"]
[Result "0-1"]
[WhiteElo "1786"]
[BlackElo "2177"]
[PlyCount "98"]
[EventDate "2011.09.09"]
[EventType "swiss"]
[EventRounds "9"]
[EventCountry "ESP"]
[SourceTitle "CBM 144 Extra"]
[Source "ChessBase"]
[SourceDate "2011.10.28"]
[SourceVersion "1"]
[SourceVersionDate "2011.10.28"]
[SourceQuality "1"]

1. c4 e6 2. Nc3 d5 3. cxd5 exd5 4. d4 Nf6 5. Nf3 h6 6. Bf4 Bd6 7. Be5 c6 8. g3 0-0 9. Bg2 Qe7 10. Bxd6 Qxd6 11. 0-0 Nbd7 12. Qc2 Re8 13. Nh4 Nf8 14. Rad1 Be6 15. Rfe1 Qd7 16. Na4 b6 17. Nc3 g5 18. Nf3 Bf5 19. e4 Nxe4 20. Ne5 Rxe5 21. dxe5 Nxg3 22. Qa4 Nh5 23. Ne4 Bxe4 24. Rxe4 Qe6 25. Re3 Ng6 26. Bh3 Qe8 27. e6 f6 28. Rc1 Ne5 29. Qa6 Nf4 30. Qb7 g4 31. Bg2 Qc8 32. Qe7 Qd8 33. Qb7 Nxe6 34. Rxe5 fxe5 35. Rxc6 Rb8 36. Qxa7 Ra8 37. Qxb6 Qxb6 38. Rxb6 Nf4 39. a3 Rc8 40. Rxh6 d4 41. Rc6 Rd8 42. Be4 d3 43. f3 d2 44. Bc2 d1Q+ 45. Bxd1 Rxd1+ 46. Kf2 Rd2+ 47. Kg3 Rg2+ 48. Kh4 gxf3 49. Rc1 f2 0-1

[Event "San Sebastian Gros op 21st"]
[Site "San Sebastian"]
[Date "2011.09.13"]
[Round "5"]
[White "Guijarro Galan, Jose Luis"]
[Black "Segovia Sanchez, Antonio"]
[Result "0-1"]
[WhiteElo "2177"]
[BlackElo "2006"]
[PlyCount "88"]
[EventDate "2011.09.09"]
[EventType "swiss"]
[EventRounds "9"]
[EventCountry "ESP"]
[SourceTitle "CBM 144 Extra"]
[Source "ChessBase"]
[SourceDate "2011.10.28"]
[SourceVersion "1"]
[SourceVersionDate "2011.10.28"]
[SourceQuality "1"]

1. e4 c6 2. f4 d5 3. Nf3 g6 4. e5 Bg4 5. h3 Bxf3 6. Qxf3 e6 7. d4 h5 8. Bd3 h4 9. Nc3 Nh6 10. Be3 Nd7 11. a3 Nf5 12. Bf2 Qb6 13. 0-0-0 0-0-0 14. Ne2 c5 15. Bxf5 gxf5 16. Nc3 Qc6 17. dxc5 Bxc5 18. Ne2 Kb8 19. Rd3 Bxf2 20. Qxf2 Nc5 21. Rf3 Ne4 22. Qe3 Qc4 23. Nc3 d4 24. Qd3 Qxd3 25. cxd3 dxc3 26. dxe4 cxb2+ 27. Kc2 fxe4 28. Re3 Rd4 29. Re2 e3 30. Kxb2 Rxf4 31. Rxe3 Rf2+ 32. Kb1 Rxg2 33. Rf3 Rf8 34. Rf4 Re2 35. Rxh4 Rxe5 36. Rh7 f5 37. Rg1 f4 38. Rgg7 Rb5+ 39. Kc2 a6 40. h4 f3 41. a4 Rc8+ 42. Kd3 Rb3+ 43. Kd4 Rf8 44. h5 f2 0-1

[Event "San Sebastian Primavera de Gros 7th op"]
[Site "San Sebastian"]
[Date "2011.05.28"]
[Round "4.6"]
[White "Guijarro Galan, Jose Luis"]
[Black "Rodriguez Cabrera, Francisco Javier"]
[Result "1-0"]
[WhiteElo "2179"]
[BlackElo "1961"]
[PlyCount "77"]
[EventDate "2011.05.07"]
[EventType "swiss"]
[EventRounds "7"]
[EventCountry "ESP"]
[SourceTitle "EXT 2024"]
[Source "ChessBase"]
[SourceDate "2023.10.10"]
[SourceVersion "1"]
[SourceVersionDate "2023.10.10"]
[SourceQuality "1"]

1. e4 c5 2. Nf3 d6 3. d4 cxd4 4. Nxd4 Nf6 5. Nc3 a6 6. Bg5 h6 7. Bh4 Qb6 8. Nb3 e6 9. f3 Qc7 10. a4 Nbd7 11. Be2 b6 12. Bf2 Bb7 13. a5 b5 14. Bg3 Qc6 15. Nd4 Qc5 16. Bf2 Qe5 17. Qd2 Nh5 18. g3 b4 19. Nd1 d5 20. f4 Qxe4 21. 0-0 Qg6 22. f5 exf5 23. Re1 0-0-0 24. Bd3 Qf6 25. Bxf5 Bc5 26. g4 Rde8 27. Rxe8+ Rxe8 28. gxh5 Bxd4 29. Bxd7+ Kxd7 30. Bxd4 Qh4 31. Nf2 Re6 32. Qxb4 Bc6 33. Qd2 Qxh5 34. Qf4 Rg6+ 35. Kh1 Re6 36. Qg4 Qxg4 37. Nxg4 Re4 38. Ne5+ Kd6 39. Nxc6 1-0